| 000 | 00448nam a2200169Ia 4500 | ||
|---|---|---|---|
| 005 | 20250508155254.0 | ||
| 008 | 008 250505s9999 xx 000 0 eng d | ||
| 037 | _aTextual | ||
| 040 |
_aFEDL _beng _cFEDL |
||
| 041 |
_aeng _2eng |
||
| 084 |
_a700, PAU _qFEDL |
||
| 100 |
_aPaul Amit _9766817 |
||
| 245 | 0 | _aGuide for the primary teachers on creative art | |
| 300 | _a54p. | ||
| 942 |
_cTEXL _h700, PAU |
||
| 999 |
_c1355739 _d1355739 |
||